Statistics for 中国的民族自治州Autonomous Prefectures in China

Click here to take the quiz!

General Stats

  • This quiz has been taken 95 times
  • The average score is 22 of 30

Answer Stats

行政区划代码自治州% Correct
222400延边朝鲜族自治州
90%
513300甘孜藏族自治州
83%
422800恩施土家族苗族自治州
81%
513400凉山彝族自治州
81%
433100湘西土家族苗族自治州
79%
632700玉树藏族自治州
79%
632600果洛藏族自治州
79%
632500海南藏族自治州
79%
632200海北藏族自治州
79%
632800海西蒙古族藏族自治州
78%
632300黄南藏族自治州
78%
654000伊犁哈萨克自治州
78%
532900大理白族自治州
77%
652300昌吉回族自治州
77%
532800西双版纳傣族自治州
76%
652800巴音郭楞蒙古自治州
76%
623000甘南藏族自治州
74%
653000克孜勒苏柯尔克孜自治州
73%
652700博尔塔拉蒙古自治州
73%
522700黔南布依族苗族自治州
73%
533400迪庆藏族自治州
73%
513200阿坝藏族羌族自治州
72%
532300楚雄彝族自治州
71%
522300黔西南布依族苗族自治州
71%
622900临夏回族自治州
71%
533300怒江傈僳族自治州
71%
522600黔东南苗族侗族自治州
67%
532500红河哈尼族彝族自治州
64%
533100德宏傣族景颇族自治州
62%
532600文山壮族苗族自治州
58%

Score Distribution

Percentile by Number Answered

Percent of People with Each Score

Your Score History

You have not taken this quiz